000 00794nam a22002297a 4500
003 0
005 20251015100158.0
008 251015b xxu||||| |||| 00| 0 eng d
020 _a978-1-83683-097-9
050 _aQA 76.7
_b.M37 2025
100 _aMarlowe, Isla,
_eauthor.
245 _aConcepts in programming languages /
_cIsla Marlowe.
250 _aFirst edition.
260 _aLondon, United Kingdom :
_bVintage Press Ltd,
_c2025.
300 _aix, 262 pages :
_bcolored illustrations ;
_c24 cm.
504 _aIncludes bibliographical references and index.
650 _aProgramming languages (Electronic computers).
650 _aProgramming languages
_xDesign and construction.
650 _aProgramming languages
_xSemantics.
650 _aComputer programming.
942 _2lcc
_cBK
999 _c368239
_d368239